000 00845cam a2200205 4500
001 WB3812-21
008 020327n2002 000 0 eng u
035 _a(Sirsi) u117263
245 _aProperty plan 'not enough'
260 _c2002
490 _aMunicipal Journal
_v 22 March 2002, 2(1)
520 _aThe House of Commons Urban Select Committee has demanded that government plans to license landlords should be extended countrywide and apply to everyone whose tenants receive housing benefit. There are concerns that current plans do not cover all aspects of the condition of a house.
590 _aWB
650 _aLOCAL AUTHORITIES
650 _aLANDLORDS
650 _aHOUSING BENEFIT
650 _aLICENSING SCHEMES
690 _aPROPERTY-RESIDENTIAL PROPERTY-RESIDENTIAL LANDLORD AND TENANT-RESIDENTIAL TENANCIES
942 _n0
999 _c69855
_d69855